German Cities that Have Lost 50,000 People - Statistics

General Stats
  • This quiz has been taken 545 times
  • The average score is 9 of 16
Answer Stats
Loss % Peak State City % Correct
722,851 16% 1942 Berlin Berlin
95%
85,941 13% 1933 Saxony Dresden
91%
102,107 14% 1930 Saxony Leipzig
87%
146,640 20% 1962 North Rhine-Westphalia Essen
79%
64,487 9% 1965 North Rhine-Westphalia Dortmund
75%
76,344 10% 1962 North Rhine-Westphalia Düsseldorf
74%
58,735 19% 1942 Schleswig-Holstein Kiel
73%
107,236 30% 1940 Saxony-Anhalt Magdeburg
67%
65,307 21% 1990 Saxony-Anhalt Halle
54%
64,577 15% 1963 North Rhine-Westphalia Wuppertal
53%
126,268 32% 1959 North Rhine-Westphalia Gelsenkirchen
40%
51,672 37% 1950 Saxony Zwickau
39%
51,745 39% 1940 Saxony-Anhalt Dessau-Roßlau
29%
63,251 49% 1912 Saxony Plauen
27%
80,859 40% 1975 North Rhine-Westphalia Bottrop
18%
56,952 42% 1940 Lower Saxony Wilhelmshaven
17%
No matching quizzes found
Score Distribution
Percent of People with Each Score
Percentile by Number Answered
Your Score History
You have not taken this quiz